| 000 | 00608nam a22001937a 4500 | ||
|---|---|---|---|
| 008 | 170704b xxu||||| |||| 00| 0 eng d | ||
| 020 | _a9780314012357 | ||
| 020 | _a0314012354 | ||
| 050 |
_aHD30.3 _b.F55 1993 |
||
| 100 | _aFisher, Dalmar. | ||
| 245 |
_aCommunication in organizations / _cDalmar Fisher. |
||
| 250 | _a2nd ed. | ||
| 260 |
_aMinneapolis : _bWest Pub., _c1993. |
||
| 300 |
_axvii, 551 p. : _bill. ; _c27 cm. |
||
| 500 | _aIncludes bibliographical references and indexes. | ||
| 650 | _aCommunication in organizations. | ||
| 650 | _aInterpersonal communication. | ||
| 942 |
_2lcc _cBK |
||
| 999 |
_c50953 _d50953 |
||